00510nam a22001457a 4500003000500000038001800005082000800023100001800031245012600049264003500175300002400210650003100234700004100265856005800306NUST aNusrat Nadeem a200 aAnsari, Fahad aComparing the Effects of Individual and Team Participation in Gamified Lessons on Assessment Performance/cFahad Ansari,  aIslamabad;bSEECS NUST;c2024. a70,p;bill;c30,cm. aMS-Information Technology  aSupervisor: Dr. Tahira Anwar Lashari u http://10.250.8.41:8080/xmlui/handle/123456789/45258